Deutschland nach Buchstabe - D - Statistiken

Allgemein
  • Dieses Quiz wurde 100 mal gespielt
  • Das Durchschnittsergebnis liegt bei 14 aus 20
Antwortstatistiken
Hinweis Antwort % Korrekt
Ruhrpottstadt mit Westfalenstadion und Phoenixsee Dortmund
99%
Gängige Abkürzung für den ostdeutschen Staat zwischen 1949 und 1990 DDR
98%
Großer Fluss in Süddeutschland durch Ulm, Ingolstadt und Passau Donau
98%
Elbflorenz mit Zwinger, Frauenkirche und Semperoper Dresden
96%
Große Stadt am Rhein mit Kö, Schloss Benrath und Medienhafen Düsseldorf
96%
Deutsch-Türkisches Nationalgericht Döner
92%
Standardwerk der Deutschen Rechtschreibung Duden
91%
Stadt bei München, bekannt für sein Konzentrationslager Dachau
88%
Motor- und Autopionier, Gründer von Mercedes Gottlieb Daimler
85%
Großstadt im Süden Hessens, nach dem ein Element des Periodensystems benannt ist Darmstadt
82%
Stadt an der Ruhrmündung in den Rhein mit großem Binnenhafen Duisburg
82%
Fluss durch Hessen und Gewürz zu Fisch und Gurkensalat Dill
75%
Größte Börse Deutschlands in Frankfurt DAX
68%
Bauhaus-Stadt in Sachsen-Anhalt Dessau-Roßlau
62%
Hauptstadt des Lipperlandes mit Hermannstatue Detmold
52%
Internationale Rennserie, in der ausschließlich deutsche Autos zum Einsatz kommen DTM
52%
Spezialität in Süddeutschland, die häufig mit Mohn und Vanillesoße gegessen wird Dampfnudel
45%
Stadt bei Bremen und Lied von Element of Crime Delmenhorst
43%
Region in Schleswig-Holstein an der Nordseeküste Dithmarschen
22%
Bezeichnung für den Teil der Nordsee vor Friesland Deutsche Bucht
15%
Keine übereinstimmenden Quizze gefunden
Verteilung der Resultate
Anzahl Personen mit jedem Resultat
Perzentil nach korrekt beantworteten Fragen
Ihre Resultats-Entwicklung
Sie haben dieses Quiz noch nicht gespielt